| 000 | 009740000a22001570004500 | ||
|---|---|---|---|
| 001 | 14533 | ||
| 020 | _a978-84-8164-895-9 | ||
| 041 | 0 | _aSPA | |
| 082 | 0 | 4 | _aG 940.52 W4221 e |
| 100 | 1 | _aWeil, Simone (1909-1943) | |
| 245 | 1 | 0 | _aEscritos históricos y políticos / Simone Weil ; Agustín López, María Tabuyo, Traductores |
| 260 | _aMadrid : Trotta | ||
| 300 | _a539 Pág. | ||
| 505 | 0 | 0 | _aA. LA VIDA OBRERA Y EL MOVIMIENTO SINDICAL. LA ORGANIZACIÓN SOCIAL, EL MARXISMO Y LAS PERSPECTIVAS DE LA REVOLUCION B. ESCRITOS SOBRE HISTORIA Y CRÍTICA CULTURAL: - Un levantamiento proletario en Florencia en el siglo XIV - Algunas reflexiones sobre los orígenes del hitlerismo (1939) - Reflexiones sobre la barbarie – Antígona - Electra - La Iliada o el poema de la fuerza C. SOBRE LA SITUACIÓN POLÍTICA DEL MUNDO CONTEMPORÁNEO: - Relaciones Internacionales, la guerra y la paz - En entorno a la Alemania Nazi - El problema colonial - La guerra de España |
| 942 | _cBK | ||
| 999 |
_c43391 _d43391 |
||